000 00789nam a2200241Ia 4500
003 OSt
005 20220923221701.0
006 a|||||r|||| 00| 0
007 ta
008 220922b |||||||| |||| 00| 0 hin d
024 _a199,293
037 _cTextual
040 _aARTS
_cARTS
_bhin
041 _2hin
_ahin
082 _aQ2wK08, 152G7-;1
100 _aदिवाकर, हरि रामचद्रं
_9165611
245 0 _aसंत तुकाराम
246 _aSanta tukārāma
260 _aइलाहाबाद
_b हिन्दुस्तानी ऐकेडेमी
_c1973
300 _a229पृ.
_ccm.
942 _hQ2wK08, 152G7-;1
_cTEXL
_2CC
999 _c351068
_d351068